U. S. Military Aircraft Quiz Stats

 Plays Quiz not verified by Sporcle

Also try: 'G' Game
Challenge
Share
Tweet
Embed
Score 0/16 Timer 04:00
1 Play Today
Designator Nickname % Correct
F-15Eagle
89.7%
A-10Thunderbolt
85.6%
F-16Falcon
84.8%
B-52Stratofortress
71.2%
H-60Black Hawk
68.3%
V-22 Osprey
68.1%
HU-25Guardian
67.9%
F-117Nighthawk
67.7%
Designator Nickname % Correct
AV-8Harrier
58.1%
C-5Galaxy
58%
C-17Globemaster III
53.5%
E-2Hawkeye
41.6%
S-3Viking
31.4%
AH-6Little Bird
21%
HH-65Dolphin
18%
T-34Mentor
14.1%

You're not logged in!

Compare scores with friends on all Sporcle quizzes.
OR
Log In

You Might Also Like...

Show Comments

Extras

Top Quizzes Today


Score Distribution

Your Account Isn't Verified!

In order to create a playlist on Sporcle, you need to verify the email address you used during registration. Go to your Sporcle Settings to finish the process.

Report this User

Report this user for behavior that violates our Community Guidelines.

Details: